000 00617cam a22002053a 4500
001 38100
003 PGUSA
005 20140828083834.0
008 111122s2011||||xxu|||||s|||||000 | eng d
040 _aPGUSA
_beng
042 _adc
100 1 _aInman, Thomas
245 1 0 _aAncient Faiths And Modern :
_bA Dissertation upon Worships, Legends and Divinities
_h[electronic resource] /
_cThomas Inman
260 _bProject Gutenberg,
_c2011
506 _aPublic domain in the USA.
516 _aElectronic text
830 0 _aProject Gutenberg
_v38100
856 4 0 _uhttp://www.gutenberg.org/ebooks/38100
942 _cEB
999 _c267354
_d267354